Top 10 Countries By Language: English - Statistics

General Stats
  • This quiz has been taken 72 times
  • The average score is 15 of 24
Answer Stats
Type Rank Country Amount % Correct
Total Of Total 6 United Kingdom 59,600,000
99%
Total Of Total 1 United States 283,160,000
99%
Total Of Total 9 Canada 29,748,000
97%
Total Of Native 4 Australia 15,013,000
93%
Total Of Total 2 India 125,344,000
91%
Total Of Native 9 New Zealand 3,673,000
88%
Total Of Native 8 Ireland 4,122,000
83%
Total Of Native 7 South Africa 4,930,000
78%
Total Of Total 3 Pakistan 108,036,000
74%
Total Of Total 4 Nigeria 79,000,000
70%
Percent Of Total 6 Jamaica 97.6%
65%
Total Of Total 8 Bangladesh 30,108,000
64%
Percent Of Total 1 Barbados 98.5%
57%
Total Of Total 7 Germany 45,400,000
57%
Percent Of Native 9 Bahamas 78.6%
55%
Percent Of Native 10 Saint Kitts and Nevis 78.0%
55%
Percent Of Total 10 Saint Vincent and the Grenadines 95.0%
54%
Total Of Total 5 Philippines 64,025,000
48%
Percent Of Native 4 Grenada 90.9%
46%
Total Of Native 10 Singapore 1,873,000
46%
Total Of Total 10 Egypt 28,101,000
39%
Percent Of Native 5 Guyana 86.5%
33%
Percent Of Total 8 Nauru 96.6%
28%
Percent Of Total 3 Marshall Islands 98.3%
22%
No matching quizzes found
Score Distribution
Percent of People with Each Score
Percentile by Number Answered
Your Score History
You have not taken this quiz